| 000 | 00519nam a2200181Ia 4500 | ||
|---|---|---|---|
| 008 | 240925s9999 xx 000 0 und d | ||
| 020 | _a471517348 | ||
| 082 | _a621.31042 MCP | ||
| 100 | _aMcpherson, George ; Laramore, Robert D. | ||
| 245 | 3 | _aAn Introduction to Electrical Machines and Transformers | |
| 250 | _a2nd | ||
| 260 |
_aNew York: _bJohn Wiley & Sons _c,1990. |
||
| 300 |
_axix,372p. _bNA _fOriginal |
||
| 500 | _aIncludes Index | ||
| 600 | _aElectrical Engineering | ||
| 650 | _aTechnology | ||
| 942 | _cBK | ||
| 999 |
_c3004 _d3004 |
||